| 000 | 00672nam a22001817a 4500 | ||
|---|---|---|---|
| 008 | 230602b |||||||| |||| 00| 0 eng d | ||
| 020 | _a81-900217-0-2 | ||
| 040 |
_aNational Science Library _cNational Science Library |
||
| 080 |
_aR 31:63 _bN2.1.2 |
||
| 100 |
_aBansil, P C _975 |
||
| 245 | _aAgricultural statistical compendium | ||
| 260 |
_aNew Delhi: _bTechno Economic Research Institute, _c1992 |
||
| 365 |
_b950.00 _cINR |
||
| 500 | _aVol. 1 Part 1 (Foodgrains; 1990; xxii, 582p.) Vol. 2 Part 2 (Foodgrains & with supplement to part 1; 1992; ISBN: 81-900217-0-2; xxii, 583p.-1312p.) | ||
| 650 | _aStatistical | ||
| 653 | _aAgricultural | ||
| 942 |
_2udc _cREF |
||
| 999 |
_c38640 _d38640 |
||